Soil: an introduction
Spremljeno u:
| Glavni autor: | |
|---|---|
| Format: | Knjiga |
| Jezik: | Undetermined |
| Izdano: |
New Jersey
Prentice Hall
2006
|
| Teme: | |
| Oznake: |
Dodaj oznaku
Bez oznaka, Budi prvi tko označuje ovaj zapis!
|
| Thư viện lưu trữ: | Trung tâm Học liệu Trường Đại học Cần Thơ |
|---|
| LEADER | 00528nam a2200193Ia 4500 | ||
|---|---|---|---|
| 001 | CTU_117541 | ||
| 008 | 210402s9999 xx 000 0 und d | ||
| 020 | |c 64.96 | ||
| 082 | |a 631.4 | ||
| 082 | |b S617 | ||
| 100 | |a Singer, Michael J. | ||
| 245 | 0 | |a Soil: an introduction | |
| 245 | 0 | |c Michael J. Singer, Donald N. Mums | |
| 260 | |a New Jersey | ||
| 260 | |b Prentice Hall | ||
| 260 | |c 2006 | ||
| 650 | |a Soil science,Soils,Soil management | ||
| 904 | |i Tuyến | ||
| 980 | |a Trung tâm Học liệu Trường Đại học Cần Thơ | ||